00921nam a22001937a 4500003000900000008004100009040007100050082001800121100001900139245002600158260004400184300002800228440013800256505015200394650008100546700001300627700004000640700004700680AR-CdUCM190304b ||||| |||| 00| 0 spa d aMUNICIPALIDAD PROVINCIAL DEL CUSCOcBIBLIOTECA MUNICIPAL DEL CUSCO a868. 7 /bP31 aPavese, Cesare aEl oficio del Poeta / aBuenos Aires : bNueva Visión,c1957. a113 Páginas ;c15 cm. aTitulos de los originales en italiano de donde se extrajo estos ensayos: "Lavorare Stanca" y "La letteratura americana e altri saggi" aContenido: El oficio del Poeta -- A propósito de ciertos poemas no escritos todavía -- Retorno al hombre -- Leer -- De una nueva literatura...  aPoemas enfocados a los problemas de la cultura y el hombre de nuestro tiempo aPoesía aVínculos a la actividad poética aCreación verbal en sus formas poéticas